000 00506 a2200157 4500
020 _a 8120323173
040 _aDLC
_bDLC
082 _a 005.26
100 _a Mathivanan, N.
245 _a Microprocessors PC Hardware and Interfacing
_c N.Mathivanan
260 _aNew Delhi :
_bPrentice Hall of India Ltd.,
_c c2003
300 _axvi, 519 p.;
_b : ill.
_c 24 cm.
500 _aIncludes Index
650 _a1.Microprocessors--Programming.2.Microprocessors.3.Computer Interfaces.
942 _cBK
_k005.26 MAT
_2ddc
999 _c6048
_d6048